000 00935nam0a22002411 4500
001 rc\446068
005 20030616171353.1
035 _a(NLR Aleph) 005691512
090 _a7180995
_c7180995
100 _a20030616d1988 u |0rusy50 ca
101 0 _arus
102 _aRU
105 _aa |||||||||
200 1 _aРазвитие городских поселений СССР и использование их трудовых ресурсов
_e(Отрасл. анализ)
_fРост. н/Д ин-т с.-х. машиностроения, Рост. н/Д ин-т нар. хоз-ва
210 _aРостов н/Д
_cРост. н/Д ин-т нар. хоз-ва
_d1988
215 _a45, [1] с.
_cил.
_d21
320 _aБиблиогр.: с. 45
700 1 _aСмейле
_bЮ. В.
_gЮрий Владимирович
801 0 _aRU
_bNLR
_gpsbo
801 1 _aRU
_bELAR
_2rusmarc
852 _aNLR
_j89-4/11378
942 _cBOOK
980 _aNB